| 000 | 00495nam a2200181 a 4500 | ||
|---|---|---|---|
| 001 | 2945 | ||
| 005 | 20140414132029.0 | ||
| 008 | 051130s19uu xx 00 eng d | ||
| 020 | _a0-439-20860-2 | ||
| 050 |
_aTR _bK64 2000 |
||
| 100 | _aRoss, Dave | ||
| 245 |
_aKisses, A book of / _cby Dave Ross ; illustrated by Laura Rader. |
||
| 260 |
_aNew York : _bScholastic, _c2000. |
||
| 300 | _a1 v. p. : ill. ; cm. | ||
| 650 |
_aKisses _xFiction. |
||
| 650 | _aChildren stories. | ||
| 999 |
_c113591 _d113591 |
||